Poner el adelanto tecnológico al servicio del desarrollo humano: II
সংরক্ষণ করুন:
| বিন্যাস: | পাঠ্য |
|---|---|
| বিষয়গুলি: | |
| ট্যাগগুলো: |
ট্যাগ যুক্ত করুন
কোনো ট্যাগ নেই, প্রথমজন হিসাবে ট্যাগ করুন!
|
MARC
| LEADER | 00000 a a2200000 04500 | ||
|---|---|---|---|
| 001 | 6562 | ||
| 003 | |||
| 040 | |||
| 245 | |a Poner el adelanto tecnológico al servicio del desarrollo humano: |b II | ||
| 650 | |a TECNOLOGIA | ||
| 650 | |a DESARROLLO HUMANO | ||
| 773 | |g volumen 22, número 989; páginas 14-16 | ||
| 999 | |c 22187 |d 22187 | ||
